| 000 | 00394cam a2200169ua 4500 | ||
|---|---|---|---|
| 020 | _c1.00 | ||
| 041 |
_aeng _h |
||
| 082 |
_a320.58 _bGAN/MY |
||
| 100 | _aGandhi, M K. | ||
| 245 |
_aMy god / _cM K Gandhi. _hTextual Documents |
||
| 260 |
_aAhmadabad : _bNavajivan publishing house , _c1962. |
||
| 300 | _a58 ; . | ||
| 365 | _a1.00 | ||
| 504 | _a | ||
| 942 | _cBK | ||
| 999 |
_c2636 _d2636 |
||